Countries of the World by same 2nd Letter in 90 seconds: with a map - Statistics

General Stats
  • This quiz has been taken 2,726 times
  • The average score is 185 of 196
Answers on the Map
Answers color-coded by a green-red scale on the quiz's map according to % correct below.
 
Answer Stats
Country % Correct
Andorra
98%
Angola
98%
Antigua and Barbuda
98%
India
98%
Indonesia
98%
United Arab Emirates
98%
United Kingdom
98%
United States
98%
Argentina
97%
Armenia
97%
Australia
97%
Austria
97%
Bahamas
97%
Bahrain
97%
Bangladesh
97%
Barbados
97%
Brazil
97%
Brunei
97%
Bulgaria
97%
Burkina Faso
97%
Burma
97%
Burundi
97%
Cambodia
97%
Cameroon
97%
Canada
97%
Cape Verde
97%
Croatia
97%
Cuba
97%
East Timor
97%
Eritrea
97%
France
97%
Gabon
97%
Gambia
97%
Greece
97%
Grenada
97%
Guatemala
97%
Guinea
97%
Guinea-Bissau
97%
Guyana
97%
Haiti
97%
Hungary
97%
Iran
97%
Iraq
97%
Ireland
97%
Jamaica
97%
Japan
97%
Kazakhstan
97%
Kuwait
97%
Laos
97%
Latvia
97%
Luxembourg
97%
Macedonia
97%
Madagascar
97%
Malawi
97%
Malaysia
97%
Maldives
97%
Mali
97%
Malta
97%
Marshall Islands
97%
Mauritania
97%
Mauritius
97%
Namibia
97%
Nauru
97%
Pakistan
97%
Palau
97%
Panama
97%
Papua New Guinea
97%
Paraguay
97%
Qatar
97%
Russia
97%
Saint Kitts and Nevis
97%
Saint Lucia
97%
Saint Vincent and the Grenadines
97%
Samoa
97%
San Marino
97%
São Tomé and Príncipe
97%
Saudi Arabia
97%
Sri Lanka
97%
Sudan
97%
Suriname
97%
Taiwan
97%
Tajikistan
97%
Tanzania
97%
Trinidad and Tobago
97%
Tunisia
97%
Turkey
97%
Turkmenistan
97%
Tuvalu
97%
Uruguay
97%
Vanuatu
97%
Vatican City
97%
Zambia
97%
Belarus
96%
Belgium
96%
Belize
96%
Benin
96%
Bolivia
96%
Bosnia and Herzegovina
96%
Botswana
96%
Central African Republic
96%
Colombia
96%
Comoros
96%
Costa Rica
96%
Côte d'Ivoire
96%
Democratic Republic of the Congo
96%
Denmark
96%
Dominica
96%
Dominican Republic
96%
Federated States of Micronesia
96%
Georgia
96%
Germany
96%
Honduras
96%
Jordan
96%
Kenya
96%
Kosovo
96%
Lebanon
96%
Lesotho
96%
Mexico
96%
Moldova
96%
Monaco
96%
Mongolia
96%
Montenegro
96%
Morocco
96%
Mozambique
96%
Nepal
96%
Netherlands
96%
New Zealand
96%
North Korea
96%
Norway
96%
Peru
96%
Poland
96%
Portugal
96%
Republic of the Congo
96%
Romania
96%
Senegal
96%
Serbia
96%
Seychelles
96%
Solomon Islands
96%
Somalia
96%
South Africa
96%
South Korea
96%
South Sudan
96%
Togo
96%
Tonga
96%
Venezuela
96%
Yemen
96%
Bhutan
95%
Chad
95%
Chile
95%
China
95%
Ghana
95%
Philippines
95%
Thailand
95%
Albania
93%
Algeria
93%
El Salvador
93%
Fiji
93%
Finland
93%
Kiribati
93%
Liberia
93%
Libya
93%
Liechtenstein
93%
Lithuania
93%
Nicaragua
93%
Niger
93%
Nigeria
93%
Sierra Leone
93%
Singapore
93%
Slovakia
93%
Slovenia
93%
Vietnam
93%
Zimbabwe
93%
Ethiopia
90%
Italy
90%
Spain
90%
Ecuador
89%
Iceland
89%
Rwanda
89%
Swaziland
89%
Sweden
89%
Switzerland
89%
Egypt
88%
Uganda
88%
Ukraine
82%
Azerbaijan
81%
Czech Republic
81%
Oman
81%
Uzbekistan
81%
Cyprus
77%
Kyrgyzstan
77%
Syria
77%
Estonia
76%
Israel
76%
Afghanistan
75%
Equatorial Guinea
45%
Djibouti
44%
No matching quizzes found
Score Distribution
Percent of People with Each Score
Percentile by Number Answered
Your Score History
You have not taken this quiz